Krize z nadvýroby nehrozí ekonomická teorie

Otázky predchádzania krízy z nadvýroby a následnej nezamestnanosti. Liberalizmus v 70. a 80. rokoch a kritika internvecionalistickej politiky. Riziká vzniku Európskej menovej únie. Problémy, ktoré nedokáže riešiť trh.

Uložené v:
Podrobná bibliografia
Hlavný autor: Šíma, Josef
Médium: Kniha
Jazyk:Czech
Predmet:
Tagy: Pridať tag
Žiadne tagy, Buďte prvý, kto otaguje tento záznam!

MARC

LEADER 00000nam a2200000 4500
001 r030367
005 20230920094303.8
041 0 |a cze 
044 |a CZ 
245 1 0 |a Krize z nadvýroby nehrozí  |b ekonomická teorie  |c Josef Šíma 
520 |a Otázky predchádzania krízy z nadvýroby a následnej nezamestnanosti. Liberalizmus v 70. a 80. rokoch a kritika internvecionalistickej politiky. Riziká vzniku Európskej menovej únie. Problémy, ktoré nedokáže riešiť trh. 
610 2 0 |a liberalizmus 
610 2 0 |a intervencie 
610 2 0 |a intervencionizmus štátny 
610 2 0 |a nezamestnanosť 
610 2 0 |a stagnácia 
100 1 |a Šíma, Josef